Dissertatio Theologica Inavgvralis Eaqve Prior Adversvs Lamindvm Pritanivm Vindicans Methodvm Evangelicorvm

Bibliographic Details
Main Author: Chladni, Martin, 1669-1725 (Author)
Corporate Author: Gerdes, Christian - vdova (Wittenberg, Nemecko) (Printer)
Other Authors: Bötticher, Albert (Dissertant)
Format: Book
Language:Latin
PhysicalDescription:42 strán 21 cm
Published: Wittenbergae Satanno Gerdesiano M DCC XVII [=1717]
Subjects:

MARC

LEADER 00000nam a2200000 a 4500
001 vtls011747288
003 SK-MaSNL
005 20260301182956.0
008 251112s1717 gw 000 0 lat
015 |a SNBHFA1717 
035 |a urn:nbn:sk:snk-am00dwx1 
035 |a urn:nbn:sk:snk-am3i82t 
035 |a EC7698E0-9137-491F-B5F3-E9DB3CD224D0 
040 |a SNKHF  |b slo  |c SNK  |e AACR2 
041 0 |a lat 
044 |a gw  |c DE 
072 7 |a 2  |x Náboženstvo  |2 konspekt 
072 7 |a 27  |x Kresťanstvo. Kresťanská cirkev všeobecne. Ekleziológia  |2 konspekt 
080 |a 21/29-1/-9  |2 2011 
080 |a 27  |2 2011 
080 |a 27-232/-236  |2 2011 
080 |a 378.245  |2 2001 
080 |a 274/279-1  |2 2011 
100 1 |a Chladni, Martin,  |d 1669-1725  |4 aut  |9 351773 
245 1 0 |a Dissertatio Theologica Inavgvralis Eaqve Prior Adversvs Lamindvm Pritanivm Vindicans Methodvm Evangelicorvm  |c Praeside Martino Chladenio Ss. Theol. Doct. [...] ; Defendet M. Albertvs Bottichervs 
260 |a Wittenbergae  |b Satanno Gerdesiano  |c M DCC XVII [=1717] 
300 |a 42 strán  |c 21 cm 
500 |a Typografické linky, vinety, živé záhlavie, iniciálka na 8 r. s ornamentálnym pozadím, iniciálky na 2-3 r. bez pozadia, kustódy 
501 |a Príväzok 16. k: CARPZOV, Johann Gottlob. [...] Vindiciae Criticae Codicis Sacri Hebraei, Qvas Adversus Criminationes Gvilielmi Whisthoni In Tentamine Restaurandi Textum Hebraicum etc. Lipsiae : Literis Breitkopfianis, MDCCXXIV [=1724].  |5 SNK IC 143987 
508 |a Dedikácia: Serenissimo Principe Ac Domino Dn. Friderico Avgvsto Principe Regio Et Electorvs Saxonici Herede 
546 |a Latinčina  |b Antikva  |b Kurzíva 
561 |a Z knižnice Učenej spoločnosti malohontskej.  |5 SNK IC 143987 prív.16 
563 |a Kožená väzba so zlatou slepotlačou na chrbte.  |5 SNK IC 143987 prív.16 
650 0 7 |a biblické texty  |2 SNKPH  |9 1917 
650 0 7 |a dizertácie  |2 SNKPH  |9 4040 
650 0 7 |a evanjelická teológia  |2 SNKPH  |9 4016 
700 0 |a August,  |b III.,  |c poľský kráľ,  |d 1696-1763  |4 hnr  |9 172122 
700 1 |a Bötticher, Albert  |4 dis  |9 557608 
710 2 |a Učená spoločnosť malohontská  |4 fmo  |9 205374 
710 0 |a Gerdes, Christian - vdova (Wittenberg, Nemecko)  |4 prt  |9 205388 
752 |a Nemecko  |d Wittenberg 
852 |a snk  |b Historické fondy  |p IC 143987 prív.16 
958 |a ONDV 
999 |c 855410  |d 857340 
952 |t MHC II.B.e.XI  |a SNK  |b SNK  |c SNK_HF  |y PREZ  |7 0  |p 17A1299814  |o snkIC 143987/prív.16  |i snk2018/6416  |8 5  |0 0  |1 0  |4 0  |d 2018-03-21  |f 1  |l 0  |r 2026-02-24 04:54:54  |w 2026-02-24